000 00438nam a2200181Ia 4500
001 1051
005 20260306140603.0
008 260306t2002||||xx |||||||||||||| ||spa||
041 _aESP
082 _a180
_bH59 V. 3
100 _aFazio, Mariano
_eAUT
245 0 _aHistoria de la filosofía:
_bfilosofía moderna
260 _c2002
300 _a300 páginas :
_c22 cm.
650 _aGEN
654 _aCHU
942 _cLIB
_dJUS
_fJUS
_2ddc
_n
999 _c1051
_d1051